| 000 | 00801nam a2200133Ia 4500 | ||
|---|---|---|---|
| 008 | 171212s9999 xx 000 0 und d | ||
| 020 | _a9780833070623 | ||
| 100 | _aBednarz, Sean;Rosello, Anthony D.;Tierney, Shane;Cox, David;Isley, Steven C. | ||
| 245 |
_cBednarz, Sean;Rosello, Anthony D.;Tierney, Shane;Cox, David;Isley, Steven C. _aModernizing the Mobility Air Force for Tomorrow’s Air Traffic Management System |
||
| 260 |
_bRAND Corporation _c2012 |
||
| 650 | _aAirplanes, Military -- Electronic equipment -- United States; United States. Air Mobility Command -- Operational readiness; United States. Air Force -- Equipment -- Maintenance and repair -- Costs -- Evaluation; Airplanes, Military -- United States -- Mai | ||
| 650 | _aHistory | ||
| 856 | _uwww.jstor.org/stable/10.7249/j.ctt3fh0wn | ||
| 999 |
_c352335 _d352335 |
||